Gestión de empresa: con una visión estratégica

Guardat en:
Dades bibliogràfiques
Autor principal: Hax, Arnoldo C (Autor)
Altres autors: Majluf Sapag, Nicolás Sergio (autor)
Format: Llibre
Idioma:espanyol
Publicat: Santiago Dolmen 1994
Matèries:
Etiquetes: Afegir etiqueta
Sense etiquetes, Sigues el primer a etiquetar aquest registre!

MARC

LEADER 00000nam a2200000 a 4500
001 UCZ1267
003 CL-VaPUC
008 950817e19940000CL |||||||||||||||||spa|d
082 0 4 |a 658.401  |b HAX  |2 21 
100 |a Hax, Arnoldo C  |e author  |9 578134 
700 |a Majluf Sapag, Nicolás Sergio  |e autor  |9 525229 
245 1 0 |a Gestión de empresa: con una visión estratégica 
300 |a 513 p 
942 |c BK 
945 |d 19950817 00:00:00  |a awong 
260 |a Santiago  |b Dolmen  |c 1994 
650 0 |a Administración de empresas   |9 260833 
650 0 |a Planificación estratégica   |9 259735 
583 |a last modification  |c 20140819 12:37:58  |k Rodrigo Vera 
999 |c 238042  |d 238040 
952 |0 0  |1 0  |4 0  |6 658_401000000000000_HAX_1994  |7 0  |8 R  |9 247961  |a BIBGIM  |b BIBGIM  |d 2019-11-18  |i 3123235  |l 2  |o 658.401 HAX 1994  |p 3123235  |r 2025-01-15  |s 2023-06-07  |w 2019-11-18  |y BK_R  |k COM